书目信息 |
| 题名: |
蜀道通途
|
|
| 作者: | 张学亮 编写 | |
| 分册: | ||
| 出版信息: | 长春 吉林出版集团有限责任公司 2010.03 |
|
| 页数: | 119页 | |
| 开本: | 21cm | |
| 丛书名: | ||
| 单 册: | ||
| 中图分类: | F532.7 , I253.3 | |
| 科图分类: | ||
| 主题词: | 报告文学--中国--当代 , 报告文学 , 铁路线路 , 铁路线路--概况--中国 | |
| 电子资源: | ||
| ISBN: | 978-7-5463-1760-1 | |
| 000 | 01097nam0 22003251 450 | |
| 001 | 004985762 | |
| 005 | 20111230113921.18 | |
| 010 | @a978-7-5463-1760-1@dCNY22.00 | |
| 096 | @aI253.3@bzxl | |
| 100 | @a20101015d2010 em y0chiy50 ea | |
| 101 | 0 | @achi |
| 102 | @aCN@b220000 | |
| 105 | @ay z 000zy | |
| 200 | 1 | @a蜀道通途@9shu dao tong tu@e宝成铁路建成通车与电气化改造@f张学亮编写 |
| 210 | @a长春@c吉林出版集团有限责任公司@d2010.03 | |
| 215 | @a119页@d21cm | |
| 300 | @a共和国故事 | |
| 330 | @a本书记述了宝成铁路建成通车与电气化改造的有关情况。内容包括:中央决策与规划、线路勘测与设计、修路架桥开隧道、铁路通车与改造。 | |
| 517 | 1 | @a宝成铁路建成通车与电气化改造@9bao cheng tie lu jian cheng tong che yu dian qi hua gai zao |
| 606 | 0 | @a报告文学@y中国@z当代 |
| 606 | 0 | @a报告文学 |
| 606 | 0 | @a铁路线路 |
| 606 | 0 | @a铁路线路@x概况@y中国 |
| 610 | 0 | @a宝成线 |
| 690 | @aF532.7@v4 | |
| 690 | @aI253.3@v4 | |
| 701 | 0 | @a张学亮@9zhang xue liang@4编写 |
| 801 | 2 | @aCN@b110019@c20111230 |
| 801 | 0 | @aCN@b110019@c20100708 |
| 905 | @a郑州市财税学校图书馆@dI253.3@eZ21010@f3 | |
| 蜀道通途:宝成铁路建成通车与电气化改造/张学亮编写.-长春:吉林出版集团有限责任公司,2010.03 |
| 119页;21cm |
| 共和国故事 |
| ISBN 978-7-5463-1760-1:CNY22.00 |
| 本书记述了宝成铁路建成通车与电气化改造的有关情况。内容包括:中央决策与规划、线路勘测与设计、修路架桥开隧道、铁路通车与改造。 |
| ● |
| 相关链接 |
|
|
|
正题名:蜀道通途
索取号:I253.3/Z21010
 
预约/预借
| 序号 | 登录号 | 条形码 | 馆藏地/架位号 | 状态 | 备注 |
| 1 | 1192143 | 211921438 | 文学库108/108文学库 68排4列1层/ [索取号:I253.3/Z21010] | 在馆 | |
| 2 | 1192267 | 211922678 | 文学库108/400B社科库 24排3列2层/ [索取号:I253.3/Z21010] | 在馆 | |
| 3 | 1192268 | 211922687 | 文学库108/108文学库 68排4列1层/ [索取号:I253.3/Z21010] | 在馆 |